000 00419 a2200157 4500
020 _a9789583008108
020 _a9583008109
041 _aspa
100 _aRosero, Evelio Jose
245 _aLa Duenda / Evelio Jose Rosero. [Il. Jairo Linares Landinez]
260 _aBogota, D.C. Panamericana Ed. 2003
300 _a78 pgs. : ill.
440 _aLiteratura juvenil
700 1 0 _aLinares Landinez, Jairo
942 _cBK
999 _c8497
_d8497